000 00252nam a22001097a 4500
008 170125b xxu||||| |||| 00| 0 eng d
020 _a0397547439
041 _aeng
080 _25TH
_a618.2
245 _aCRITICALCARE NURSING
_cBENZ, H.G
942 _2udc
_cBK
999 _c3580
_d3580